| 000 | 00979nam a22002777a 4500 | ||
|---|---|---|---|
| 003 | BCEG | ||
| 005 | 20260129124147.0 | ||
| 008 | 260129s2015 mx |||||||||||||||||spa d | ||
| 020 | _a9786074265682 | ||
| 040 |
_aBCEG _bspa _cBCEG |
||
| 082 | 0 | 4 |
_a371.422 _bO529g |
| 100 | 1 | _aCharbel Olvera Rangel, Sergio. | |
| 245 | 1 | 0 |
_aGuía de estudio para el exámen Ceneval _b: derecho. |
| 246 | _aGuía de estudio para el examen Centro Nacional de Evaluación para la Educación Superior. | ||
| 260 |
_aCiudad de México : _bOxford University Press, _c2015. |
||
| 300 | _a309 p. | ||
| 490 | _aManuales de Derecho. | ||
| 500 | _aMetodología y técnicas de investigación --En cubierta. | ||
| 504 | _aIncluye bibliografía. | ||
| 541 | _aDonación. | ||
| 650 | 1 | 4 |
_aDerecho _xEstudio y enseñanza _zMéxico. |
| 650 | 1 | 4 |
_aUniversidades _xAdmisión _vGuías de estudio. |
| 700 | 1 |
_aGarcía Ramos, Ireri Elizabeth, _dcoaut. |
|
| 700 | 1 |
_aArteaga Nava, Elisur, _epres. |
|
| 942 | _cBK | ||
| 999 |
_c437067 _d437067 |
||